00762nam a2200217Ia 450000500170000000800410001702000180005804000720007604100080014810000270015624500950018326000540027830000180033249000360035050000310038650000220041765000300043965000260046970000220049576500270051720250721081936.0130821s1993 ag gr spa  a950 732 001 6 aCo-BoUCMbspacDavid Moreno (modificó)dDavid Moreno (modificó)00aspa1 aPorter, Katherine Anne10aPálido caballo, pálido jinetecKatherine Anne Porter ; traducción de Maribel de Juan aBuenos Aires (Argentina)bEdiciones Destinoc1993 a220 Páginas 0aColección Áncora y Delfín aDonación UCM-C-ARRAYANES aIncluye índice. aLiteratura estadounidense aNovela estadounidense1 aJuand, Maribel de1 tPale horse, pale rider